000 01837nam a22002777a 4500
001 1316
005 20251209081931.0
020 _a9789995054960
040 _aFISKH
_beng
_cFISKH
_dFISKH
082 _a510.71
100 _aArnaron, Kim
245 _aកំពូលវិសាល /
_cនិពន្ធដោយ គីម​ អានអារុណ - គូរូបដោយ សេង វិសាល
250 _aបោះពុម្ពលើកទី ៧ ខែ កញ្ញា ឆ្នាំ​ ២០២១
260 _aPhnom Penh :
_bSipar,
_c2021.
300 _a40 pages :
_bcolor illustrations ;
_c24 cm
490 _aខ្ញុំចង់អាន
505 _aP
520 _aវិសាល កំពូលដៃភ្លើងជើងមាន់ សម្បូរគំនិតប្លែកៗ។ តែគេក៏ត្រូវយាយស្ដីឳ្យគ្មានលោះថ្ងៃដែរ ព្រោះបំណងល្អរបស់គេតែងធ្វើឳ្យយាយឈឺក្បាលជានិច្ច។ ដើម្បីឳ្យយាយស្រលាញ់វិសាលបានបត់សត្វក្រៀលធ្វើជាកាំជ្រួចអោយយាយ។
520 _aVisal is the all thumb child who full of strange ideas. His grandmother always blame him, because his good intentions always give her a headache. To get a love from her, Visal turned the crane paper into a fireworks.
521 _a650
_bLexile estimate
521 _aP
_bRaz-Plus
650 _aស្ដីបន្ទោស
_vដៃភ្លើងជើងមាន់
_xសត្វក្រៀល
_yអំណោយ
650 _aBlame
_vall thumb
_xCrane
_yGift
700 _aVisal, Seng
_cillustrator
942 _2ddc
_cBK
_n0
999 _c1316
_d1316